Statistics for Led Zeppelin Albums

Click here to take the quiz!

General Stats

  • This quiz has been taken 3,899 times
  • The average score is 7 of 9

Answer Stats

HintAnswer% Correct
1969Led Zeppelin
99%
1969Led Zeppelin II
98%
1970Led Zeppelin III
97%
1971Untitled
97%
1973Houses of the Holy
83%
1975Physical Graffiti
79%
1982Coda
72%
1979In Through the Out Door
66%
1976Presence
56%

Score Distribution

Percentile by Number Answered

Percent of People with Each Score

Your Score History

You have not taken this quiz